Translate These Countries from Polish to English - Statistics

General Stats
  • This quiz has been taken 1,978 times
  • The average score is 14 of 18
Answer Stats
Polish English % Correct
Grecja Greece
96%
Hiszpania Spain
96%
Dania Denmark
92%
Słowacja Slovakia
92%
Litwa Lithuania
89%
Mołdawia Moldova
88%
Szwecja Sweden
87%
Kostaryka Costa Rica
84%
Fidżi Fiji
84%
Dominikana Dominican Republic
79%
Włochy Italy
79%
Niemcy Germany
76%
Stany Zjednoczone United States
73%
Chorwacja Croatia
71%
Węgry Hungary
65%
Czarnogóra Montenegro
61%
Wybrzeże Kości Słoniowej Côte d'Ivoire
40%
Wyspy Zielonego Przylądka Cabo Verde
28%
No matching quizzes found
Score Distribution
Percent of People with Each Score
Percentile by Number Answered
Your Score History
You have not taken this quiz